000 00672nam a2200241 a 4500
999 _c933
_d933
008 191108r20132014ii ad||g |||| 00| 0 eng d
020 _a9788132110071
_cRs. 595.00
040 _aKO
_beng
041 0 _aeng
044 _aii
082 0 4 _223
_a658.4092
_bN817
100 1 _aNorthouse, Peter G.
245 1 0 _aLeadership :
_bTheory and Practice /
_cPeter G. Northouse
250 _a6th ed.
260 _aNew Delhi :
_bSAGE Publications India Pvt. Ltd. ,
_c2013, reprinted 2014
300 _axviii, 485 p. :
_bill. ;
_c24 cm.
504 _aIncludes Index.
650 0 _aLeadership
_xCase studies
650 0 _aLeadership
904 _aA_BOSE
942 _cBK